| 000 | 004290000a22001210004500 | ||
|---|---|---|---|
| 090 |
_aAS _bSeriadas |
||
| 245 | 1 | 0 | _aNueva especie de Condylopodim (Asteraceae-Eupatorieae) de Colombia |
| 041 | 0 | _aEspañol | |
| 700 | 1 |
_aMández Ramírez, Gina Paola _999821 |
|
| 100 | 1 |
_aDíaz Piedrahita, Santiago _995842 |
|
| 942 | _cARTICULO | ||
| 773 | 1 |
_tRevista de Academia Colombiana de Ciencias Exactas, Físicas y Naturales _h90 _q45-49 _d2000 _g24 |
|
| 999 |
_c15552 _d15552 |
||